00993nab a22001817a 4500003000400000005001700004008004100021040000700062100002900069245008200098300001500180505016400195505017400359505007200533650002800605650002900633773014900662OSt20260109004737.0190514b xxu||||| |||| 00| 0 spa d cPJ aRomero, María Cecilia 13aLos alcances de juzgar con perspectiva de género /cMaría Cecilia Romero. ap. 130-135 aSumario: I. Breve síntesis.— II. Situación fáctica y jurídica.— III. La perspectiva de género como punto de partida.— IV. Reflexiones finales.  tFallo comentado: CContenciosoadministrativa 2a Nom., Córdoba, 16/12/2024. - F. M. C. c. Caja de Jubilaciones, Pensiones y Retiros de Córdoba s/ plena jurisdicción. tSi te interesa el texto, comunicate a koha@justierradelfuego.gov.ar 0aPERSPECTIVA DE GÉNERO 0aJURISPRUDENCIA APLICABLE0 02844dBuenos Aires : AbeledoPerrot, 1989-tDerecho de familia. Revista Interdisciplinaria de doctrina y jurisprudencia. Agosto 2025-IVz18511201